Pilkington brothers and the glass industry

Đã lưu trong:
Bibliografiske detaljer
Hovedforfatter: Barker, Theodore Cardwell
Format: Bog
Sprog:Undetermined
Udgivet: London Allen & Unwin 1960
Fag:
Tags: Tilføj Tag
Ingen Tags, Vær først til at tagge denne postø!
Thư viện lưu trữ: Trung tâm Học liệu Trường Đại học Cần Thơ
LEADER 00538nam a2200193Ia 4500
001 CTU_83649
008 210402s9999 xx 000 0 und d
082 |a 666.105 
082 |b B255 
100 |a Barker, Theodore Cardwell 
245 0 |a Pilkington brothers and the glass industry 
245 0 |c Theodore Cardwell Barker 
260 |a London 
260 |b Allen & Unwin 
260 |c 1960 
650 |a Glass manufacture 
650 |x Periodicals 
904 |i QHieu(sửa) 
980 |a Trung tâm Học liệu Trường Đại học Cần Thơ